| 000 | 00639nam a2200181 a 4500 | ||
|---|---|---|---|
| 008 | 120416s1998 ||||||||||||||||| || u | ||
| 020 | _a0521789109 | ||
| 050 | _aQK 494.5.P66 Eco | ||
| 100 | _aRichardson, David M | ||
| 245 | 1 | 0 | _aEcology and biogeography of pinus |
| 260 |
_aCambridge _bCambridge University Press _c1998 |
||
| 300 | _axvii, 527p. : ill. | ||
| 350 | _a0.00 | ||
| 650 | _aECOLOGY | ||
| 650 | _aPINE--GEOGRAPHICAL DISTRIBUTION | ||
| 650 | _aPINE--ECOLOGY | ||
| 995 |
_D0.00 _FCBU-MAIN LIBRARY (Kitwe) _H1 _I21.00 _M1 _UAVAILABLE _ZMain Library Open Access Collection |
||
| 999 |
_c40702 _d40702 |
||